Statistics for Star Wars General Knowledge Quiz #1

Click here to take the quiz!

General Stats

  • This quiz has been taken 25 times
  • The average score is 9 of 15

Answer Stats

Hint Answer % Correct
Who is the creator of Star Wars?George Lucas
100%
What desert planet was the home of both Anakin and Luke Skywalker?Tatooine
94%
What secret organization always has two members, a master and an apprentice?the Sith
89%
Who provided the voice of Darth Vader in the original and prequel trilogies?James Earl Jones
83%
Who did the bartender in Mos Eisley tell Luke Skywalker were not welcome in the cantina?droids
78%
What is the term for an apprentice Jedi?Padawan
72%
Who was abandoned on the planet Jakku as a child by their parents?Rey
61%
Who composed the music for all of the main Star Wars films?John Williams
61%
What character was portrayed by Gwendoline Christie in The Force Awakens and The Last Jedi?Captain Phasma
50%
What creature lives in the Great Pit of Carkoon?Sarlacc
50%
Who is the ruler of the Gungans in The Phantom Menace?Boss Nass
39%
What species is Ahsoka Tano?Togruta
33%
What is the name of Darth Vader's Super Star Destroyer?Executor
33%
What is Disney's name for the Expanded Universe content (novels, comics, video games, etc.) created before Disney owned Star Wars, which is no longer considered part of the main timeline?Star Wars Legends
33%
What is the name of Rose Tico's older sister?Paige
28%

Score Distribution

Percentile by Number Answered

Percent of People with Each Score

Your Score History

You have not taken this quiz